Roblox - Statystyki

Ogólne statystyki
  • Ten quiz został rozwiązany 453 razy
  • Średni wynik to 4 z 11
Statystyki odpowiedzi
Opis Gry Gra % Poprawnych
Zapomniana Gra 2018 Roku Pet Simulator
81%
Najpopularniejsza Gra Prestona Pet Simulator X
64%
Gra w Której Wcielasz Się w świnkę i zabijasz Graczy Piggy
64%
Gra o Minigrach Epic Minigames
45%
Najpopularniejsza Gra na Rb Brookhaven
43%
Gra w Której Niszczymy Auta Car Crushers 2
22%
Gra Stworzona w 2008 i Jeszcze Istnieje Natural Disaster
20%
Gra O wojnie War Simulator
12%
Gra o Sklepie Samochodowym Car Dealership Tycoon
10%
Gra O kocie Floopa Rise a Floopa
4%
2 Gra o Kocie Ale tym Razem o Bloopa Rise a Bloppa
2%
Nie znaleziono quizów pasujących do podanych kryteriów
Rozkład punktacji
Procent ludzi z każdym wynikiem
Percentyl według liczby udzielonych odpowiedzi
Twoja historia wyników
Nie rozwiązałeś tego quizu